| 000 | 00418cam a2200181ua 4500 | ||
|---|---|---|---|
| 020 | _c2 | ||
| 041 |
_amal _h |
||
| 082 |
_a894.81209 _bPAN/AS |
||
| 100 | _aPanikkar, M P . | ||
| 245 |
_aAswadanavum vilayiruthalum / _cM P Panikkar. _hTextual Documents |
||
| 250 |
_a1 / _b. |
||
| 260 |
_a : _bM P Panikkar , _c1968. |
||
| 300 | _a142 ; . | ||
| 365 | _a2 | ||
| 504 | _a | ||
| 942 | _cBK | ||
| 999 |
_c11607 _d11607 |
||